Julio Verne : (Registro nro. 8675)

Detalles MARC
000 -LIDER
fixed length control field 00934nam a2200301 i 4500
001 - NÚMERO DE CONTROL
Identificador de número de control 246373
003 - IDENTIFICACDOR DE NÚMERO DE CONTROL
control field DO-SdBNP
005 - DATE AND TIME OF LATEST TRANSACTION
control field 20241011112240.0
007 - CAMPOS FIJOS DE DESCRIPCIÓN FÍSICA
fixed length control field 246373
008 - ELEMENTOS DE LONGITUD FIJA
fixed length control field 870831s1986 sp spa
020 ## - ISBN
International Standard Book Number 8476347456
040 ## - FUENTE DE CATALOGACIÓN
Agencia que crea de manera original el registro BPMSU
Idioma de catalogación spa
Agencia que realiza la transcripción BPMSU
082 #4 - NÚMERO DE CLASIFICACIÓN DECIMAL DE DEWEY
Classification number 843.8
Item number V531J 1986
Edition number 22
100 1# - ASIENTO PRINCIPAL -- NOMBRE PERSONAL
Nombre personal Verne, Julio,
Fechas asociadas con el nombre 1828-1905
245 10 - MENCIÓN DE TITULO
Título Julio Verne :
Subtítulo Cinco semanas en globo/
Mención de responsabilidad Julio Verne ; traducción, A. Ribot y Fontserré
246 12 - VARIACION DEL TÍTULO
Institución que aplica el campo Cinco semanas en globo
260 ## - PUBLICACIÓN, DISTRIBUCIÓN, ETC. (PIE DE IMPRENTA)
Lugar de publicación, distribución, etc Barcelona :
Nombre del editor, distribuidor, etc. Ediciones Orbis,
Fecha de publicación, distribución, etc 1986
300 ## - DESCRIPCIÓN FÍSICA
Extensión 288 p.:
Otros detalles físicos il.
Dimensiones 20 cm.
490 0# - MENCIÓN DE SERIES
Mención de serie Julio Verne,
Volume/sequential designation 1
500 ## - NOTA GENERAL
Nota general
590 ## - NOTA LOCAL
Texto de la nota local Inventariado, 2024
650 #4 - ENCABEZAMIENTO DE MATERIA--TEMÁTICO
Término temático o nombre geográfico como elemento de entrada Novela juvenil francesa
650 #4 - ENCABEZAMIENTO DE MATERIA--TEMÁTICO
Término temático o nombre geográfico como elemento de entrada Literatura juvenil francesa
Subdivisión cronológica Siglo XIX
700 1# - ASIENTO SECUNDARIO -- NOMBRE PERSONAL
Nombre personal Ribot y Fontseré, Antonio
Fechas asociadas con el nombre 1813-1871
Mención de responsabilidad traductor
700 1# - ASIENTO SECUNDARIO -- NOMBRE PERSONAL
Nombre personal Riou, Édouard
Fechas asociadas con el nombre 1833-1900
910 ## - VALIDACIÓN
Validación VMateo V. /Validado. Control de calidad MFF
942 ## - ADDED ENTRY ELEMENTS (KOHA)
Source of classification or shelving scheme Dewey Decimal Classification
Koha item type Libros
Existencias
Withdrawn status Lost status Source of classification or shelving scheme Damaged status Not for loan Collection code Home library Current library Date acquired Source of acquisition Total Checkouts Full call number Barcode Date last seen Copy number Price effective from Koha item type
    Dewey Decimal Classification     Colección Juvenil General Biblioteca Pública Metropolitana Salomé Ureña Biblioteca Pública Metropolitana Salomé Ureña 11/12/2015 FUNDI   BPMSU CJG 843.8 V531J 1986 BPMSU15110225 11/12/2015 v.1 11/12/2015 Libros